[Event "World Rapid Women 2017"]
[Site "Riyadh KSA"]
[Date "2017.12.26"]
[Round "4.25"]
[White "Mkrtchian, Lilit"]
[Black "Zawadzka, Jolanta"]
[Result "1/2-1/2"]
[WhiteTitle "IM"]
[BlackTitle "WGM"]
[WhiteElo "2376"]
[BlackElo "2424"]
[WhiteFideId "13300601"]
[BlackFideId "1122320"]
[EventDate "2017.12.26"]

1. c4 e6 2. Nf3 d5 3. b3 Nf6 4. g3 Bd6 5. Bb2 O-O 6. Bg2 b6 7. O-O Bb7 8. d4 c5
9. cxd5 Bxd5 10. Nc3 Bb7 11. Nb5 Na6 12. Nxd6 Qxd6 13. dxc5 Qxd1 14. Rfxd1 Nxc5
15. Ne5 Bxg2 16. Kxg2 Rfc8 17. f3 Nd5 18. Kf2 f6 19. Nc4 Rc6 20. e4 Nb4 21. Ke2
Na4 22. Rd2 Nxb2 23. Nxb2 a5 24. a4 Nc2 25. Rad1 e5 26. Rd8+ Rxd8 27. Rxd8+ Kf7
28. Rd3 Nd4+ 29. Kd1 Ke6 30. Nc4 g6 31. Nd2 Rc5 32. f4 b5 33. axb5 Rxb5 34. fxe5
fxe5 35. h4 Rb4 36. Rc3 Kf6 37. Ke1 g5 38. hxg5+ Kxg5 39. Rc5 Nxb3 40. Rxe5+ 1/2-1/2

[Event "World Rapid Women 2017"]
[Site "Riyadh KSA"]
[Date "2017.12.26"]
[Round "4.26"]
[White "Bulmaga, Irina"]
[Black "Batsiashvili, Nino"]
[Result "0-1"]
[WhiteTitle "IM"]
[BlackTitle "IM"]
[WhiteElo "2427"]
[BlackElo "2502"]
[WhiteFideId "13903063"]
[BlackFideId "13602993"]
[EventDate "2017.12.26"]

1. e4 e5 2. Nf3 Nc6 3. Bc4 Nf6 4. d3 Bc5 5. O-O O-O 6. c3 d5 7. exd5 Nxd5 8. a4
Bg4 9. Nbd2 a6 10. h3 Bh5 11. Ne4 Be7 12. b4 Bg6 13. Qc2 Kh8 14. a5 f5 15. Neg5
Qd7 16. Re1 Bf6 17. Nh4 Bh5 18. Ngf3 Nxc3 19. Bb2 Nb5 20. Qb3 Rae8 21. d4 e4 22.
d5 Ne5 23. Bxe5 Bxe5 24. Nxe5 Rxe5 25. Rac1 Qe7 26. Qb2 Nd6 27. f4 Nxc4 28. fxe5
Nxb2 0-1

[Event "World Rapid Women 2017"]
[Site "Riyadh KSA"]
[Date "2017.12.26"]
[Round "4.27"]
[White "Gaponenko, Inna"]
[Black "Tokhirjonova, Gulrukhbegim"]
[Result "0-1"]
[WhiteTitle "IM"]
[BlackTitle "WGM"]
[WhiteElo "2435"]
[BlackElo "2329"]
[WhiteFideId "14101181"]
[BlackFideId "14203626"]
[EventDate "2017.12.26"]

1. e4 e5 2. Nf3 Nc6 3. Bb5 a6 4. Bxc6 dxc6 5. O-O Bd6 6. d4 exd4 7. Qxd4 f6 8.
Nbd2 Be6 9. b3 Ne7 10. Bb2 O-O 11. Rad1 c5 12. Qe3 Ng6 13. e5 fxe5 14. Nxe5 Bf5
15. Ndc4 b5 16. Nxg6 hxg6 17. Qc3 Rf7 18. Ne5 Rf6 19. f4 Qf8 20. g4 Be6 21. Qe3
Re8 22. g5 Bxe5 23. Bxe5 Rf7 24. Rd2 Qe7 25. Re1 Bf5 26. Rd5 c4 27. bxc4 Be6 28.
Rc5 Bxc4 29. a4 Qe6 30. axb5 axb5 31. Qg3 Rfe7 32. Rd1 Rd7 33. Rxd7 Qxd7 34. Qf3
Rc8 35. Kf2 c6 36. Kg3 Bd5 37. Qd3 Qe6 38. Rc3 b4 39. Rc5 Ra8 40. Qd4 Ra3+ 41.
c3 Ra2 42. Rxd5 Qxd5 43. Qxd5+ cxd5 44. cxb4 Kf7 45. h4 Ra3+ 46. Kg4 Rb3 47. Bd6
d4 48. Bc5 d3 49. Kf3 Ke6 50. Ke3 Kf5 51. Bf8 Kg4 52. Bxg7 Rxb4 53. Be5 Rb3 54.
Bd6 Rb5 55. Be5 Rd5 56. Kd2 Kxh4 57. Bc3 Kg4 58. Ke3 d2 59. Bxd2 Rxd2 60. Kxd2
Kxf4 61. Ke2 Kxg5 62. Kf3 Kh4 63. Kg2 Kg4 64. Kf2 Kh3 65. Kg1 Kg3 66. Kh1 g5 67.
Kg1 g4 68. Kh1 Kf2 69. Kh2 g3+ 70. Kh3 g2 71. Kh4 g1=Q 0-1

[Event "World Rapid Women 2017"]
[Site "Riyadh KSA"]
[Date "2017.12.26"]
[Round "4.28"]
[White "Girya, Olga"]
[Black "Michna, Marta"]
[Result "1-0"]
[WhiteTitle "WGM"]
[BlackTitle "WGM"]
[WhiteElo "2484"]
[BlackElo "2377"]
[WhiteFideId "4195752"]
[BlackFideId "1106686"]
[EventDate "2017.12.26"]

1. d4 d6 2. Nf3 Nf6 3. c4 Nbd7 4. Nc3 e5 5. e4 g6 6. Be2 Bg7 7. Be3 O-O 8. O-O
Qe7 9. Qc2 c6 10. Rfe1 b6 11. Rad1 Bb7 12. dxe5 dxe5 13. Rd2 h6 14. h3 Nh5 15.
Red1 Rfd8 16. g3 Nf8 17. Rxd8 Rxd8 18. Rxd8 Qxd8 19. Qd2 Qc8 20. Bxh6 Qxh3 21.
Bxg7 Kxg7 22. Qd6 Nd7 23. Ng5 1-0

[Event "World Rapid Women 2017"]
[Site "Riyadh KSA"]
[Date "2017.12.26"]
[Round "4.29"]
[White "Kulon, Klaudia"]
[Black "Atalik, Ekaterina"]
[Result "1/2-1/2"]
[WhiteTitle "WGM"]
[BlackTitle "IM"]
[WhiteElo "2370"]
[BlackElo "2451"]
[WhiteFideId "1131044"]
[BlackFideId "4130189"]
[EventDate "2017.12.26"]

1. c4 e5 2. g3 Nf6 3. Bg2 d5 4. cxd5 Nxd5 5. Nc3 Nb6 6. Nf3 Nc6 7. a3 a5 8. d3
Be7 9. Be3 O-O 10. O-O Be6 11. Rc1 Nd5 12. Nxd5 Bxd5 13. Bc5 Bd6 14. e4 Be6 15.
Be3 Bg4 16. Qa4 Qf6 17. Qd1 Qe7 18. h3 Bh5 19. Qb3 Bxf3 20. Bxf3 Rab8 21. Bg4
Kh8 22. Qd5 g6 23. Bh6 Rfd8 24. Qc4 Nd4 25. Be3 b5 26. Qa2 f5 27. exf5 gxf5 28.
Bh5 Ne6 29. Rfe1 Rg8 30. d4 e4 31. d5 Nf4 32. Bxf4 Bxf4 33. Rc3 Bd2 34. Qb1 Bxc3
35. bxc3 Qe5 36. Bf7 Rg7 37. Be6 c6 38. Qd1 cxd5 39. Qxd5 Qxd5 40. Bxd5 Rc7 41.
Re3 Rd8 42. Be6 Rd3 43. Re2 Rc5 44. g4 fxg4 45. hxg4 Re5 46. Ba2 Rxc3 47. f4 Re8
48. Kg2 b4 49. axb4 axb4 50. Bd5 e3 51. Kf3 b3 52. f5 Rc2 53. Bxb3 Rxe2 54. Kxe2
Kg7 55. Be6 Kf6 56. Kxe3 Kg5 57. Ke4 Kxg4 58. Ke5 Kg5 59. f6 Rf8 60. f7 h5 61.
Ke4 h4 62. Kf3 Rh8 63. Kg2 Kf6 64. Bc4 Ke7 65. Kh3 Rh5 66. Bb3 Rb5 67. Ba2 Rb4
68. Bd5 Rd4 69. Ba2 Kf8 70. Be6 Kg7 71. Bg4 Kxf7 72. Kxh4 Kf6 73. Kg3 Kg5 74.
Be2 Rb4 75. Kf3 Kf5 76. Ke3 Ke5 77. Kd3 Rh4 78. Bd1 Rd4+ 79. Kc2 Ke4 80. Bh5 Ke3
81. Kb2 Rc4 82. Bg6 Kd2 83. Bb1 Rb4+ 84. Ka1 Kc1 85. Ba2 Rb7 86. Be6 Kc2 87.
Bf5+ Kc3 88. Bb1 Ra7+ 89. Ba2 Ra6 90. Kb1 Rf6 91. Ka1 Rf2 92. Be6 Rf1+ 93. Ka2
Rf6 94. Bd5 Ra6+ 95. Kb1 Ra7 96. Ba2 Rb7+ 97. Ka1 Kc2 98. Be6 Rb1+ 99. Ka2 Rb6
100. Bf5+ Kc3 101. Ka1 Kb3 102. Kb1 Rf6 103. Bc2+ Kc3 104. Bh7 Rf2 105. Ka1 Rg2
106. Bb1 Kb3 107. Bf5 Ra2+ 108. Kb1 Re2 109. Ka1 Re5 110. Bg6 Rg5 111. Bf7+ Kc3
112. Kb1 Rb5+ 113. Ka1 Rb6 114. Bg8 Rg6 1/2-1/2

[Event "World Rapid Women 2017"]
[Site "Riyadh KSA"]
[Date "2017.12.26"]
[Round "4.30"]
[White "Javakhishvili, Lela"]
[Black "Assaubayeva, Bibisara"]
[Result "0-1"]
[WhiteTitle "IM"]
[BlackTitle "FM"]
[WhiteElo "2449"]
[BlackElo "2381"]
[WhiteFideId "13601458"]
[BlackFideId "13708694"]
[EventDate "2017.12.26"]

1. Nf3 Nf6 2. c4 g6 3. b3 Bg7 4. Bb2 O-O 5. g3 c5 6. Bg2 Nc6 7. O-O d5 8. cxd5
Nxd5 9. Bxg7 Kxg7 10. Qc1 b6 11. d4 Nxd4 12. Nxd4 cxd4 13. Qc4 Be6 14. Qxd4+ Kg8
15. Rd1 Nb4 16. Bxa8 Qxd4 17. Rxd4 Nc2 18. Rd2 Nxa1 19. Bb7 Rb8 20. Ba6 b5 21.
Na3 Bxb3 22. axb3 b4 23. Nc2 Nxb3 24. Rd5 Nc1 25. Rd1 Na2 26. Bc4 Nc3 27. Rd7 b3
28. Na3 e6 29. Rd3 Nxe2+ 30. Kf1 Nc1 31. Rd2 b2 32. Nb1 a5 33. Rd7 Rc8 34. Ba6
Rc6 35. Bb5 Rc5 36. Rb7 Na2 37. Bd3 Nb4 38. Ke2 Rc1 39. Na3 Nxd3 40. Kxd3 Ra1
41. Rxb2 Rxa3+ 42. Ke4 Kg7 43. f4 Kf6 44. Rb8 h5 45. Ra8 Ra2 46. h3 Ra3 47. g4
Rxh3 48. g5+ Kg7 49. Rxa5 Rb3 50. Ra1 h4 51. Ra2 h3 52. Ke5 Re3+ 53. Kd4 Rg3 54.
Rh2 f6 55. gxf6+ Kxf6 56. Ke4 Rb3 57. Re2 g5 58. fxg5+ Kxg5 59. Re1 Kg4 60. Rg1+
Rg3 61. Rh1 Rg2 0-1

[Event "World Rapid Women 2017"]
[Site "Riyadh KSA"]
[Date "2017.12.26"]
[Round "4.32"]
[White "Cramling, Pia"]
[Black "Rapport, Jovana"]
[Result "1-0"]
[WhiteTitle "GM"]
[BlackTitle "WGM"]
[WhiteElo "2450"]
[BlackElo "2299"]
[WhiteFideId "1700030"]
[BlackFideId "937266"]
[EventDate "2017.12.26"]

1. d4 e6 2. Nf3 f5 3. g3 Nf6 4. Bg2 Be7 5. O-O d5 6. c4 Ne4 7. Nc3 Nc6 8. Be3
O-O 9. cxd5 exd5 10. Qb3 Nxc3 11. Qxc3 Be6 12. Rac1 Kh8 13. Rfd1 Bd6 14. Ng5 Bg8
15. Nh3 Ne7 16. Bf4 c6 17. Bxd6 Qxd6 18. Nf4 Qd8 19. Qb4 Rb8 20. Nd3 Rf6 21. Qd2
Nc8 22. Ne5 Nd6 23. b3 Rh6 24. Nd3 g5 25. Ne5 Ne4 26. Qe3 Rd6 27. f3 f4 28. gxf4
gxf4 29. Qxf4 Nf6 30. Qh4 Qe8 31. Kh1 Nd7 32. f4 Nxe5 33. fxe5 Rg6 34. Rg1 Be6
35. Bf3 Qd8 36. Qf4 Qf8 37. Qxf8+ Rxf8 38. Rxg6 hxg6 39. Kg2 Bf5 40. b4 a6 41.
a4 Ra8 42. Rc5 Kg7 43. b5 axb5 44. axb5 Bd7 45. Bxd5 cxd5 46. Rc7 Rd8 47. e6 Kf6
48. exd7 b6 49. Rb7 Kf5 50. Kf3 g5 51. h3 Rh8 52. Rxb6 Rxh3+ 53. Kf2 Rh2+ 54.
Ke3 Rh3+ 55. Kd2 Rh8 56. Rd6 Rd8 57. Ke3 g4 58. b6 g3 59. b7 g2 60. Kf2 Ke4 61.
e3 g1=Q+ 62. Kxg1 Kxe3 63. b8=Q Rxb8 64. d8=Q 1-0

[Event "World Rapid Women 2017"]
[Site "Riyadh KSA"]
[Date "2017.12.26"]
[Round "4.33"]
[White "Nechaeva, Marina"]
[Black "Charkhalashvili, Inga"]
[Result "0-1"]
[WhiteTitle "IM"]
[BlackTitle "WGM"]
[WhiteElo "2424"]
[BlackElo "2355"]
[WhiteFideId "4149351"]
[BlackFideId "13601431"]
[EventDate "2017.12.26"]

1. d4 Nf6 2. c4 e6 3. Nc3 d5 4. cxd5 exd5 5. Bg5 Bb4 6. e3 h6 7. Bh4 c5 8. Nf3
Nc6 9. dxc5 g5 10. Bg3 Ne4 11. Qc2 Qa5 12. Rc1 Bxc5 13. a3 Nxg3 14. hxg3 Be7 15.
Bb5 a6 16. Be2 Be6 17. Qd2 Bf6 18. O-O O-O 19. Rcd1 Rfd8 20. Nd4 Nxd4 21. exd4
Qc7 22. f4 gxf4 23. gxf4 Bf5 24. Bf3 Be4 25. Qe3 Bxf3 26. Rxf3 Qd6 27. Rg3+ Kf8
28. Qf3 Bg7 29. Rh3 Re8 30. Rh5 Rad8 31. Kh1 Qb6 32. f5 Bxd4 33. Nxd5 Qxb2 34.
Rxh6 Bg7 35. Rb6 Qe5 36. f6 Bh6 37. Rxb7 Qg5 38. Re7 Qh4+ 39. Kg1 Bg5 40. Rf1
Qd4+ 41. Kh2 Rxd5 42. Rxe8+ Kxe8 43. Qh3 Qh4 0-1

[Event "World Rapid Women 2017"]
[Site "Riyadh KSA"]
[Date "2017.12.26"]
[Round "4.34"]
[White "Hoolt, Sarah"]
[Black "Nguyen, Thi Mai Hung"]
[Result "1/2-1/2"]
[WhiteTitle "WGM"]
[BlackTitle "WGM"]
[WhiteElo "2405"]
[BlackElo "2321"]
[WhiteFideId "24606812"]
[BlackFideId "12401676"]
[EventDate "2017.12.26"]

1. e4 c5 2. Nf3 g6 3. d4 cxd4 4. Nxd4 Nc6 5. c4 Nf6 6. Nc3 d6 7. Be2 Nxd4 8.
Qxd4 Bg7 9. Bg5 O-O 10. Qd2 Qa5 11. O-O Be6 12. Rac1 Rfc8 13. b3 a6 14. a4 Rab8
15. Bd3 Rc6 16. Rfe1 Rbc8 17. Nd5 Qxd2 18. Bxd2 Kf8 19. Bg5 Bxd5 20. exd5 R6c7
21. a5 h6 22. Be3 Nd7 23. Bf1 Nc5 24. b4 Na4 25. Bd2 Nb2 26. Rc2 Nxc4 27. Rec1
Bb2 28. Bxh6+ Ke8 29. Re1 Bf6 30. Rec1 Bb2 31. Re1 Bf6 32. Rec1 1/2-1/2

[Event "World Rapid Women 2017"]
[Site "Riyadh KSA"]
[Date "2017.12.26"]
[Round "4.35"]
[White "Gu, Xiaobing"]
[Black "Melia, Salome"]
[Result "1/2-1/2"]
[WhiteTitle "WGM"]
[BlackTitle "IM"]
[WhiteElo "2332"]
[BlackElo "2404"]
[WhiteFideId "8602611"]
[BlackFideId "13602446"]
[EventDate "2017.12.26"]

1. e4 c5 2. Nc3 Nc6 3. Bb5 Nd4 4. Bc4 e6 5. Nf3 a6 6. a4 Nf6 7. O-O Qc7 8. h3 h5
9. d3 Ng4 10. g3 Nxf3+ 11. Qxf3 Ne5 12. Qe2 h4 13. g4 b6 14. f4 Nxc4 15. dxc4
Bb7 16. a5 bxa5 17. Bd2 Be7 18. Nd1 Qc6 19. Nc3 Qc7 20. Rae1 O-O-O 21. Nd1 f5
22. exf5 Qc6 23. Kh2 exf5 24. Ne3 fxg4 25. hxg4 h3 26. Nd5 Bh4 27. Bxa5 Rdf8 28.
Qe5 d6 29. Qe6+ Kb8 30. Bc7+ Ka7 31. Bb6+ Kb8 32. Bc7+ Ka8 33. Re3 Re8 34. Qxd6
Rxe3 35. Nxe3 Qg2+ 36. Nxg2 hxg2 37. Rf3 Be7+ 38. Kxg2 Bxd6 39. Bxd6 Rd8 40.
Bxc5 Rd2+ 41. Kg3 Bxf3 42. Kxf3 Rxc2 43. Bd4 g6 44. c5 Kb7 45. Ke4 Kc6 46. Ke5
Rg2 47. g5 Rg4 48. b4 Rh4 49. Bc3 Rh3 50. Bd4 Rb3 51. Kf6 Rxb4 52. Be5 Kxc5 53.
Kxg6 Kd5 54. Kf5 Rb1 55. g6 Rg1 56. Kf6 a5 57. Kf7 a4 58. g7 a3 59. g8=Q Rxg8
60. Kxg8 Ke6 61. Kg7 Kf5 62. Kf7 a2 63. Ke7 a1=Q 64. Bxa1 Kxf4 1/2-1/2

[Event "World Rapid Women 2017"]
[Site "Riyadh KSA"]
[Date "2017.12.26"]
[Round "4.36"]
[White "Li, Ruofan"]
[Black "Batchimeg, Tuvshintugs"]
[Result "0-1"]
[WhiteTitle "IM"]
[BlackTitle "IM"]
[WhiteElo "2351"]
[BlackElo "2398"]
[WhiteFideId "8600643"]
[BlackFideId "4900839"]
[EventDate "2017.12.26"]

1. d4 Nf6 2. c4 c5 3. d5 b5 4. cxb5 a6 5. bxa6 g6 6. Nc3 Bg7 7. e4 Qa5 8. Bd2
Bxa6 9. Nf3 O-O 10. h3 e6 11. dxe6 fxe6 12. Bxa6 Qxa6 13. Qe2 d5 14. Qxa6 Nxa6
15. exd5 exd5 16. O-O Nb4 17. a3 Nd3 18. Rab1 Rfb8 19. b4 c4 20. b5 Rxa3 21.
Rfd1 Rb7 22. b6 Rb3 23. Rxb3 cxb3 24. Be3 Ne4 25. Na4 b2 26. Bd4 Bxd4 27. Nxd4
Nexf2 28. Rb1 Ne4 29. Rd1 Rxb6 30. Nxb2 Nxb2 31. Rb1 Nc4 32. Rd1 Nc3 33. Rd3
Rb1+ 34. Kh2 Rd1 35. Rxd1 Nxd1 36. g4 Kf7 37. Kg3 Kf6 38. h4 Nc3 39. Nf3 Ne5 40.
Nd4 Ne4+ 41. Kf4 h6 42. Nb5 g5+ 43. hxg5+ hxg5+ 44. Ke3 Ke6 45. Kd4 Nc6+ 0-1

[Event "World Rapid Women 2017"]
[Site "Riyadh KSA"]
[Date "2017.12.26"]
[Round "4.37"]
[White "Savina, Anastasia"]
[Black "Vijayalakshmi, Subbaraman"]
[Result "1/2-1/2"]
[WhiteTitle "IM"]
[BlackTitle "IM"]
[WhiteElo "2350"]
[BlackElo "2357"]
[WhiteFideId "4196872"]
[BlackFideId "5004098"]
[EventDate "2017.12.26"]

1. d4 Nf6 2. c4 e6 3. Nc3 Bb4 4. e3 O-O 5. Bd3 d5 6. Ne2 b6 7. cxd5 exd5 8. O-O
Bb7 9. Ng3 Re8 10. f3 Bf8 11. Bd2 c5 12. Rc1 Nc6 13. Nce2 Rc8 14. Re1 g6 15. a3
a6 16. Bb1 h5 17. Nf1 h4 18. Qa4 b5 19. Qd1 c4 20. g4 b4 21. axb4 Nxb4 22. Bc3
a5 23. Nf4 Bd6 24. Qd2 Nh7 25. Nh3 Ng5 26. Nxg5 Qxg5 27. h3 Rc7 28. f4 Qd8 29.
Qf2 Bc8 30. Nd2 Qf6 31. g5 Qe6 32. Qxh4 Qxh3 33. Qxh3 Bxh3 34. Nf3 Bf5 35. Bxf5
gxf5 36. Re2 Nd3 37. Ra1 Nxf4 38. Ree1 Nd3 39. Rf1 Bb4 40. Nh4 Rxe3 41. Nxf5 Re4
42. Nh6+ Kg7 43. Rf5 Nf4 44. Bxb4 axb4 45. Rf1 Ne2+ 46. Kg2 Ree7 47. Rxd5 Red7
48. Nf5+ Kg6 49. Nh4+ Kh5 50. Rxd7 Rxd7 51. Nf3 c3 52. bxc3 bxc3 53. Rh1+ Kg6
54. Ne5+ Kxg5 55. Nxd7 c2 56. Nc5 c1=Q 57. Rxc1 Nxc1 58. Kf3 Na2 59. Ne4+ Kf5
60. Nd6+ Ke6 61. Nxf7 1/2-1/2

[Event "World Rapid Women 2017"]
[Site "Riyadh KSA"]
[Date "2017.12.26"]
[Round "4.38"]
[White "Charochkina, Daria"]
[Black "Arakhamia-Grant, Ketevan"]
[Result "1-0"]
[WhiteTitle "IM"]
[BlackTitle "GM"]
[WhiteElo "2317"]
[BlackElo "2350"]
[WhiteFideId "4180917"]
[BlackFideId "13600168"]
[EventDate "2017.12.26"]

1. d4 Nf6 2. c4 g6 3. Nc3 Bg7 4. g3 O-O 5. Bg2 d6 6. Nf3 Nbd7 7. O-O e5 8. e4 c6
9. h3 Qb6 10. Re1 exd4 11. Nxd4 Re8 12. Nc2 Qc7 13. b3 a5 14. Ba3 Bf8 15. Qf3
Nh5 16. Rad1 Ne5 17. Qe3 Be6 18. f4 Nd7 19. g4 Ng7 20. Qf2 f5 21. exf5 gxf5 22.
Nd4 Bf7 23. gxf5 Nf6 24. Qh4 Be7 25. Qf2 Qd7 26. Na4 Rad8 27. Ne6 Bxe6 28. fxe6
Qc7 29. Bb2 Rf8 30. Bd4 Rde8 31. Bb6 Qc8 32. Bxa5 Nfh5 33. Nb6 Qd8 34. Re4 Bh4
35. Qf3 Rf5 36. b4 Qe7 37. b5 Nf6 38. Re2 Nxe6 39. Qd3 Rh5 40. f5 Qg7 41. fxe6
Bg3 42. Nd7 Rg5 43. Bc3 Be5 44. Bxe5 dxe5 45. Nxf6+ Qxf6 46. Rf2 Qxe6 47. Qd7
Qg6 48. Kh1 e4 49. Rd6 Qh5 50. Re6 Re5 51. Rf5 Rxf5 52. Rxe8+ Rf8 53. Rxf8+ Kxf8
54. Bxe4 Qe2 55. Qf5+ Ke7 56. Qe5+ Kd8 57. Qb8+ Ke7 58. Qxb7+ Kf8 59. Qc8+ Ke7
60. Qc7+ Kf8 61. Qf4+ Ke7 62. Qe5+ Kd8 63. Qd6+ 1-0

[Event "World Rapid Women 2017"]
[Site "Riyadh KSA"]
[Date "2017.12.26"]
[Round "4.39"]
[White "Galojan, Lilit"]
[Black "Papp, Petra"]
[Result "0-1"]
[WhiteTitle "IM"]
[BlackTitle "WGM"]
[WhiteElo "2300"]
[BlackElo "2313"]
[WhiteFideId "13301314"]
[BlackFideId "739049"]
[EventDate "2017.12.26"]

1. d4 Nf6 2. c4 g6 3. f3 d5 4. cxd5 Nxd5 5. e4 Nb6 6. Nc3 Bg7 7. Be3 O-O 8. Qd2
e5 9. d5 c6 10. a4 cxd5 11. exd5 Na6 12. a5 Nc4 13. Bxc4 Qh4+ 14. Bf2 Qxc4 15.
Ra4 Qc7 16. Nge2 Bd7 17. Ra3 Rfd8 18. O-O f5 19. d6 Qc6 20. Bh4 Be6 21. Rd1 Rd7
22. Be7 Re8 23. Qe3 Nb4 24. Rc1 Qa6 25. Ra4 Nc6 26. b4 Nxe7 27. b5 Qxd6 28. Qxa7
Rc8 29. Rd1 Qc5+ 30. Qxc5 Rxc5 31. a6 Rxd1+ 32. Nxd1 bxa6 33. bxa6 Rc8 34. Ndc3
Bd7 35. Rb4 e4 36. a7 Nc6 37. Rb7 Be8 38. fxe4 Nxa7 39. Nd5 Nc6 40. exf5 gxf5
41. Nef4 Bf7 42. Nc7 Be5 43. Nfe6 Nd4 44. Nxd4 Bxd4+ 45. Kf1 Be5 46. Nb5 Bc4+
47. Kf2 Rb8 48. Rxb8+ Bxb8 49. Nc3 Be5 50. Nd1 Bb3 51. Ne3 Bd4 52. Kf3 Bxe3 53.
Kxe3 Kg7 54. Kf4 Be6 55. Kg5 h6+ 56. Kh5 f4 57. h4 Bd7 58. g3 f3 0-1

[Event "World Rapid Women 2017"]
[Site "Riyadh KSA"]
[Date "2017.12.26"]
[Round "4.40"]
[White "Kovanova, Baira"]
[Black "Sukandar, Irine Kharisma"]
[Result "0-1"]
[WhiteTitle "WGM"]
[BlackTitle "IM"]
[WhiteElo "2367"]
[BlackElo "2384"]
[WhiteFideId "4164083"]
[BlackFideId "7101937"]
[EventDate "2017.12.26"]

1. Nf3 Nf6 2. c4 c5 3. Nc3 Nc6 4. g3 d5 5. cxd5 Nxd5 6. Bg2 Nc7 7. O-O e5 8. d3
Be7 9. Be3 O-O 10. a4 Be6 11. a5 Na6 12. Qa4 Rc8 13. Rfc1 f6 14. Nd2 Rc7 15. Nb5
Rd7 16. Ne4 Nd4 17. Bxd4 exd4 18. Nxa7 f5 19. Nd2 Bg5 20. f4 Bf6 21. Nc4 Re7 22.
Nb6 g5 23. fxg5 Bxg5 24. Rf1 f4 25. Rf3 fxg3 26. Rxg3 Rg7 27. Kh1 Bf4 28. Rxg7+
Kxg7 29. Qd1 Qh4 30. Qg1 Be3 31. Qe1 Rf2 32. Nb5 Kh6 33. Nc7 Nxc7 0-1

[Event "World Rapid Women 2017"]
[Site "Riyadh KSA"]
[Date "2017.12.26"]
[Round "4.41"]
[White "Hoang, Thi Bao Tram"]
[Black "Gara, Anita"]
[Result "1-0"]
[WhiteTitle "WGM"]
[BlackTitle "IM"]
[WhiteElo "2410"]
[BlackElo "2367"]
[WhiteFideId "12401102"]
[BlackFideId "709751"]
[EventDate "2017.12.26"]

1. d4 d6 2. Nf3 Nf6 3. Nc3 g6 4. e4 Bg7 5. h3 O-O 6. Bg5 a6 7. a4 Nc6 8. Be2 h6
9. Be3 e5 10. O-O exd4 11. Nxd4 Nxd4 12. Bxd4 Re8 13. Bf3 Bd7 14. Re1 Bc6 15. g3
a5 16. Bg2 Nd7 17. Bxg7 Kxg7 18. Qd2 Qf6 19. Re3 Ne5 20. b3 Nd7 21. Rae1 Nc5 22.
f4 Re7 23. Nd1 Rae8 24. Nf2 Qb2 25. R3e2 b6 26. Kh2 b5 27. axb5 Bxb5 28. Re3 a4
29. Nd1 Qf6 30. Nc3 Bc6 31. b4 Nd7 32. b5 Ba8 33. Nxa4 g5 34. R3e2 gxf4 35. gxf4
Qh4 36. Nc3 Nf6 37. Kg1 Nh5 38. Rf2 Kh7 39. Nd5 Bxd5 40. Qxd5 Nxf4 41. Qf5+ Ng6
42. Ref1 Kg7 43. Kh2 Rf8 44. Rf4 Qg5 45. Rg4 Qxf5 46. exf5 h5 47. Rg3 Rb8 48.
fxg6 fxg6 49. c4 Re2 50. Kh1 Rbe8 51. Bd5 Re1 52. Rxe1 Rxe1+ 53. Rg1 Re2 54. Rf1
Re7 55. Kg2 g5 56. Kf2 Kg6 57. Re1 Rxe1 58. Kxe1 Kf5 59. Kf2 Kf4 60. Kg2 h4 61.
Kf2 g4 62. hxg4 Kxg4 63. Kg2 Kf4 64. Kh3 Kg5 65. Bc6 Kh5 66. Bd7 Kg5 67. Be8 Kf6
68. Kxh4 Ke5 69. Bf7 Kd4 70. Bd5 Kc5 1-0

[Event "World Rapid Women 2017"]
[Site "Riyadh KSA"]
[Date "2017.12.26"]
[Round "4.42"]
[White "Berend, Elvira"]
[Black "Gevorgyan, Maria"]
[Result "1/2-1/2"]
[WhiteTitle "WGM"]
[BlackTitle "WIM"]
[WhiteElo "2303"]
[BlackElo "2275"]
[WhiteFideId "4000510"]
[BlackFideId "13300270"]
[EventDate "2017.12.26"]

1. e4 e5 2. Nf3 Nf6 3. Nxe5 d6 4. Nf3 Nxe4 5. c4 d5 6. cxd5 Qxd5 7. Be2 Bc5 8.
O-O O-O 9. d3 Nf6 10. Nc3 Qf5 11. d4 Bd6 12. Nh4 Qd7 13. Bg5 Be7 14. Nf3 h6 15.
Bh4 a6 16. Ne5 Qd8 17. Bc4 b5 18. Bb3 Bb7 19. Ng6 Re8 20. Nxe7+ Qxe7 21. Re1
Qxe1+ 22. Qxe1 Rxe1+ 23. Rxe1 Kf8 24. Bg3 Ne8 25. a4 Nc6 26. axb5 Nxd4 27. Bc4
axb5 28. Nxb5 Nxb5 29. Bxb5 Nd6 30. Bf1 Ra2 31. Be5 f6 32. Bc3 Ra4 33. f3 Ba6
34. Rc1 Ke7 35. Bxa6 Rxa6 36. Kf2 Kd7 37. g4 Ra2 38. Kg3 Nb5 39. h4 Nxc3 40.
bxc3 g6 41. Kf4 Rh2 42. Kg3 Rd2 43. Kf4 Rh2 1/2-1/2

[Event "World Rapid Women 2017"]
[Site "Riyadh KSA"]
[Date "2017.12.26"]
[Round "4.43"]
[White "Fataliyeva, Ulviyya"]
[Black "Bivol, Alina"]
[Result "1-0"]
[WhiteTitle "WGM"]
[BlackTitle "WGM"]
[WhiteElo "2384"]
[BlackElo "2356"]
[WhiteFideId "13403052"]
[BlackFideId "4100123"]
[EventDate "2017.12.26"]

1. e4 e6 2. Qe2 c5 3. Nf3 Nc6 4. g3 g6 5. Bg2 Bg7 6. O-O Nge7 7. c3 Qc7 8. Rd1
d5 9. d3 O-O 10. a4 b6 11. Na3 a6 12. h4 f5 13. exd5 Nxd5 14. Ng5 Qd7 15. Re1 e5
16. Nc4 Rb8 17. f4 exf4 18. Qe6+ Qxe6 19. Nxe6 Bxe6 20. Rxe6 Nce7 21. Bxf4 Nxf4
22. gxf4 Bf6 23. Nxb6 Rbd8 24. Rae1 Kf7 25. Nc4 Rxd3 26. Rxe7+ Kg8 27. Re8 Bxh4
28. Rxf8+ Kxf8 29. Re6 Rd1+ 30. Kh2 g5 31. Rf6+ Kg7 32. fxg5 Bxg5 33. Rxf5 Kg6
34. Be4 Kh6 35. Ne5 Bc1 36. Rf7 Bxb2 37. Nf3 Kh5 38. Rxh7+ Kg4 39. Rh4# 1-0

[Event "World Rapid Women 2017"]
[Site "Riyadh KSA"]
[Date "2017.12.26"]
[Round "4.44"]
[White "Szczepkowska, Karina"]
[Black "Skripchenko, Almira"]
[Result "0-1"]
[WhiteTitle "IM"]
[BlackTitle "IM"]
[WhiteElo "2419"]
[BlackElo "2403"]
[WhiteFideId "1122681"]
[BlackFideId "13900145"]
[EventDate "2017.12.26"]

1. d4 d6 2. e4 Nf6 3. Nc3 e5 4. Nf3 Nbd7 5. Bc4 Be7 6. O-O O-O 7. a4 a6 8. Re1
b6 9. Ba2 Bb7 10. d5 Kh8 11. h3 Ng8 12. Ne2 g6 13. Nh2 Nc5 14. Nc3 Bg5 15. Bc4
Bxc1 16. Rxc1 f5 17. exf5 gxf5 18. f4 Qh4 19. Ne2 Nxa4 20. Rb1 Nc5 21. b4 Ne4
22. Rf1 b5 23. Bb3 Ne7 24. Nf3 Qf6 25. c4 bxc4 26. Bxc4 Ng6 27. Rc1 Qe7 28. Qc2
Qg7 29. Kh2 Nxf4 30. Nxf4 Qg3+ 31. Kg1 Qxf4 32. Rce1 Qg3 33. Re2 Rg8 34. Bd3
Bxd5 35. Qxc7 Rg7 36. Qb6 Nc3 37. Rc2 Bxf3 38. Qe3 Bxg2 39. Qxg3 Rxg3 40. Rxg2
Rxd3 41. Rxf5 Rg8 0-1